000 00684cam a2200181 a 4500
001 000002143
005 20200929145840.0
008 790313s1967 ve a 001 0bspa
040 _aDO-SdBNP
_bspa
_cBNPHU
082 _a759.987
_bC335j
245 0 0 _aJesús María de las Casas, 1854-1926 :
_bexposición de óleos y acuarelas: Sala de Exposiciones de la Fundacón Eugenio Mendoza.
260 _aCaracas :
_bComisión Cuatricentenario de Caracas,
_c[1967].
300 _a35, [54] p. :
_bil. ;
_c22 cm.
600 0 0 _aCASAS, JESÚS MARÍA DE LAS
_d1854-1926.
_96859
650 4 _aPintura
_xVenezolana
_96860
650 4 _aPintura al óleo
_96861
710 2 _aFundación Eugenio Mendoza.
_96862
999 _c1994
_d1994